000 00771nam a2200121Ia 4500
008 220620s9999||||xx |||||||||||||| ||und||
245 4 _aThe Palgrave Handbook of Digital Russia Studies
546 _aEnglish[eng]
650 _aDigital/New Media||Culture and Technology||Social Media||Media and Communication||Russian and Post-Soviet Politics||Digital and New Media||Political Science||Russia||Digitalization||Digital Humanities||New Media||Digital Methods||Big Data||Open Data||open access||Media studies: Internet, digital media & society||Cultural studies||Media studies||Politics & government
700 _aGritsenko, Daria||Wijermars, Mariëlle||Kopotev, Mikhail
856 _uhttps://library.oapen.org/bitstream/20.500.12657/47274/1/9783030428556.pdf
942 _cEB
999 _c24500
_d24500